|
|
|
|
| LEADER |
00000nab a2200000 a 4500 |
| 001 |
vtls000275589 |
| 003 |
SK-MaSNL |
| 005 |
20260303234607.0 |
| 008 |
160201c1986 xo 0 cze |
| 015 |
|
|
|a SNBRA19rr/mm-uuuuu
|
| 035 |
|
|
|a CL0285703
|
| 040 |
|
|
|a SNKBUCL
|b slo
|c SNKBUCL
|e AACR2
|
| 041 |
0 |
|
|a cze
|
| 044 |
|
|
|a xo
|c SK
|
| 080 |
|
|
|a 691.58:665.939
|2 1981
|
| 080 |
|
|
|a 665.939
|2 1981
|
| 080 |
|
|
|a 691.58
|2 1981
|
| 100 |
1 |
|
|a Selichar, Vladimír
|4 aut
|9 1272381
|
| 245 |
1 |
0 |
|a Lepicí suroviny firmy BASF a.s. pro lepicí látky užívané
|c Vladimír Selichar, Häseler
|
| 650 |
0 |
7 |
|a stavebné materiály
|2 snkbucl
|9 31817
|
| 650 |
0 |
7 |
|a lepidlá
|2 snkbucl
|9 3612
|
| 650 |
0 |
7 |
|a BASF (fa)
|2 snkbucl
|9 1272382
|
| 655 |
|
7 |
|a články zo zborníkov
|2 snkbucl
|9 166140
|
| 700 |
1 |
|
|a Häseler
|4 aut
|9 1272383
|
| 773 |
0 |
|
|t Pokroky vo výrobe a aplikácii lepidiel (v oblasti stavebníctva)
|d Bratislava : Dom techniky ČSVTS, 1986
|
| 850 |
|
|
|a Slovenská národná knižnica v Martine
|a MTA001
|
| 852 |
|
|
|a SNK
|b KIS3GCP
|
| 958 |
|
|
|a RK
|
| 958 |
|
|
|a CZ
|
| 992 |
|
|
|a RZB
|
| 999 |
|
|
|c 2521606
|d 2523536
|